Państwa z przymiotnikami w nazwie - Statystyki

Ogólne statystyki
  • Ten quiz został rozwiązany 31 razy
  • Średni wynik to 10 z 14
Statystyki odpowiedzi
Odpowiedź % Poprawnych
Korea Północna
87%
Korea Południowa
87%
Nowa Zelandia
81%
Stany Zjednoczone
81%
Sudan Południowy
77%
Zjednoczone Emiraty Arabskie
77%
Macedonia Północna
74%
Republika Środkowoafrykańska
65%
Timor Wschodni
61%
Wielka Brytania
61%
Arabia Saudyjska
58%
Demokratyczna Republika Kongo
55%
Gwinea Równikowa
52%
Papua Nowa Gwinea
45%
Nie znaleziono quizów pasujących do podanych kryteriów
Rozkład punktacji
Procent ludzi z każdym wynikiem
Percentyl według liczby udzielonych odpowiedzi
Twoja historia wyników
Nie rozwiązałeś tego quizu